Speedway World Championship Medalists - Statistics

General Stats
  • This quiz has been taken 288 times
    100 since last reset
  • The average score is 41 of 96
Answer Stats
Hint Answer % Correct
1997, 1998, 1999, 2001, 2008, 2009, 2010 Tomasz Gollob
95%
2003, 2006, 2007, 2008, 2012, 2014, 2015 Nicki Pedersen
93%
2016, 2018, 2019, 2020, 2021, 2022, 2023, 2024, 2025 Bartosz Zmarzlik
90%
1986, 1988, 1991 Jan O. Pedersen
90%
2017 Jason Doyle
90%
2021 Artem Laguta
88%
2025 Dan Bewley
88%
1996, 1997, 2004, 2006, 2011, 2012, 2014, 2015, 2016 Greg Hancock
88%
2013, 2015, 2016, 2017, 2018, 2020 Tai Woffinden
88%
2025 Brady Kurtz
86%
1991, 1994, 1995, 1998, 1999, 2000, 2001, 2002, 2003, 2004, 2005 Tony Rickardsson
86%
2012 Chris Holder
85%
2001, 2002, 2003, 2004, 2005, 2006, 2007, 2008, 2009, 2010 Jason Crump
85%
2024 Robert Lambert
85%
1976 Phil Crump
83%
2018, 2020, 2023, 2024 Fredrik Lindgren
81%
2017 Patryk Dudek
81%
2010, 2011, 2013 Jarosław Hampel
78%
2011 Andreas Jonsson
75%
2019, 2022 Leon Madsen
75%
1990, 1992 Per Jonsson
75%
1996, 1997, 2000 Billy Hamill
71%
2023 Martin Vaculík
71%
2009, 2019, 2021 Emil Sayfutdinov
69%
1984, 1985, 1986, 1987, 1988, 1989, 1991, 1993, 1994, 1995, 1996, 1999 Hans Nielsen
69%
2022 Maciej Janowski
69%
1967, 1968, 1969, 1970, 1971, 1972, 1973, 1974, 1977, 1979 Ivan Mauger
68%
2005, 2007 Leigh Adams
68%
2000 Mark Loram
66%
2014 Krzysztof Kasprzak
64%
2002 Ryan Sullivan
61%
1985, 1987, 1993, 1995 Sam Ermolenko
61%
1971, 1972, 1975, 1977, 1978, 1981 Ole Olsen
58%
2013 Niels-Kristian Iversen
54%
1956, 1957, 1958, 1959, 1960, 1961, 1962, 1963, 1964, 1965, 1967 Ove Fundin
54%
1973 Jerzy Szczakiel
53%
1955, 1957, 1958, 1959, 1962, 1963, 1964, 1966, 1968, 1969 Barry Briggs
51%
1984, 1985, 1987, 1988 Erik Gundersen
51%
1992 Gary Havelock
47%
1981, 1982 Bruce Penhall
44%
1936 Lionel Van Praag
42%
1979, 1980, 1983 Michael Lee
42%
1983 Egon Müller
39%
1998 Jimmy Nilsen
39%
1982 Les Collins
39%
1976, 1977 Peter Collins
39%
1973, 1979 Zenon Plech
39%
1974, 1975 Anders Michanek
34%
1966, 1970 Antoni Woryna
34%
1993 Chris Louis
34%
1975 John Louis
34%
1994 Craig Boyce
31%
1968 Edward Jancarz
29%
1950, 1952, 1953 Freddie Williams
29%
1955, 1957, 1960, 1962 Peter Craven
29%
1954, 1955, 1956, 1959, 1960 Ronnie Moore
29%
1990 Todd Wiltshire
27%
1951, 1952 Jack Young
25%
1981 Tommy Knudsen
25%
1936, 1938 Bluey Wilkinson
22%
1986 Kelvin Tatum
22%
1949 Tommy Price
22%
1992 Gert Handberg
20%
1989 Simon Wigg
20%
1961, 1963, 1965 Björn Knutson
19%
1937 Cordy Milne
19%
1980 Dave Jessup
19%
1937, 1938 Jack Milne
19%
1989 Jeremy Doncaster
17%
1976 Malcolm Simmons
17%
1958 Aub Lawson
15%
1978 Gordon Kennett
15%
1949 Louis Lawson
15%
1967, 1971 Bengt Jansson
14%
1980, 1983 Billy Sanders
14%
1982 Dennis Sigalos
14%
1949 Jack Parker
14%
1951, 1953 Split Waterman
14%
1951 Jack Biggs
12%
1984 Lance King
12%
1970 Paweł Waloszek
12%
1978 Scott Autrey
12%
1950 Wally Green
12%
1937, 1938 Wilbur Lamoreaux
12%
1936 Eric Langton
10%
1954 Olle Nygren
10%
1969, 1974 Sören Sjösten
10%
1956 Arthur Forrest
8%
1972 Bernt Persson
7%
1952 Bob Oakley
7%
1953 Geoff Mardon
5%
1961 Göte Nordin
5%
1950 Graham Warren
5%
1964, 1965 Igor Plekhanov
5%
1954 Brian Crutcher
3%
1966 Sverre Harrfeldt
3%
No matching quizzes found
Score Distribution
Percent of People with Each Score
Percentile by Number Answered
Your Score History
You have not taken this quiz since the last reset